[Event "1st FIDE OWCCCC Pools-East 2021"]
[Site "Online"]
[Date "2021.02.20"]
[Round "6.54"]
[White "Cambot, Jean-Luc"]
[Black "Okragly, Milosz"]
[Result "0-1"]
[WhiteElo "936"]
[BlackElo "1505"]
[Annotator "NA"]
[PlyCount "108"]
[EventDate "2021.02.19"]
[EventType "team-tourn"]
[EventCountry "NET"]
[SourceTitle "playchess.com"]
[Source "ChessBase"]
[SourceQuality "1"]

1. e4 e5 2. Nf3 Nf6 3. Nc3 Nc6 4. Bc4 Nxe4 5. Nxe4 d5 6. Bd3 Bg4 7. O-O Nd4 8. Nc3 e4 9. Bxe4 dxe4 10. Nxe4 Be7 11. c3 Nxf3+ 12. gxf3 Bf5 13. Ng3 Bh3 14. Qe1 Bxf1 15. Qxf1 O-O 16. Nf5 g6 17. Nxe7+ Qxe7 18. d4 c5 19. dxc5 Qxc5 20. Bh6 Rfe8 21. Qd3 Qh5 22. Qd2 Rad8 23. Qf4 Re6 24. Bg5 Rde8 25. Rf1 Re2 26. Bh4 Rxb2 27. Qg3 Rc2 28. Bf6 Qf5 29. Bd4 Rxa2 30. Qh4 h5 31. Qf6 Qxf6 32. Bxf6 Re6 33. Bd4 f5 34. f4 Re4 35. Be5 g5 36. fxg5 Rxe5 37. c4 Rc2 38. c5 Rexc5 39. f4 Rc1 40. Rxc1 Rxc1+ 41. Kf2 Rc3 42. Ke2 b5 43. Kd2 b4 44. h4 Rh3 45. Kc2 a5 46. g6 Kg7 47. Kb2 Kxg6 48. Kc2 a4 49. Kd2 b3 50. Ke2 b2 51. Kf2 b1=Q 52. Kg2 Rc3 53. Kf2 Qb2+ 54. Ke1 Rc1# 0-1

[Event "1st FIDE OWCCCC Pools-East 2021"]
[Site "Online"]
[Date "2021.02.20"]
[Round "6.54"]
[White "Zengaffinen-Morris, Thomas"]
[Black "Pandey, Ravikant"]
[Result "0-1"]
[WhiteElo "924"]
[BlackElo "1745"]
[Annotator "NA"]
[PlyCount "40"]
[EventDate "2021.02.19"]
[EventType "team-tourn"]
[EventCountry "NET"]
[SourceTitle "playchess.com"]
[Source "ChessBase"]
[SourceQuality "1"]

1. e4 e5 2. Nc3 Nc6 3. Bc4 d6 4. d3 Nf6 5. Nd5 Nxd5 6. Bxd5 Be7 7. Nf3 O-O 8. O-O Bg4 9. h3 Bh5 10. Qd2 h6 11. a4 Bxf3 12. gxf3 Qd7 13. f4 Nd4 14. Qe3 exf4 15. Qxd4 Qxh3 16. Bd2 f3 17. Qxg7+ Kxg7 18. Bc3+ f6 19. Bxf6+ Rxf6 20. Bxb7 Rg6# 0-1

[Event "1st FIDE OWCCCC Pools-East 2021"]
[Site "Online"]
[Date "2021.02.20"]
[Round "6.54"]
[White "avinash_upp"]
[Black "Panda, Priyabrata"]
[Result "0-1"]
[WhiteElo "769"]
[BlackElo "1572"]
[Annotator "NA"]
[PlyCount "96"]
[EventDate "2021.02.19"]
[EventType "team-tourn"]
[EventCountry "NET"]
[SourceTitle "playchess.com"]
[Source "ChessBase"]
[SourceQuality "1"]

1. e4 e5 2. Nf3 Nc6 3. Bb5 a6 4. Ba4 b5 5. Bb3 Nf6 6. a3 Be7 7. d3 h6 8. h3 O-O 9. O-O d6 10. Be3 Be6 11. Nbd2 Bxb3 12. cxb3 d5 13. Rc1 Qd7 14. b4 d4 15. Rxc6 Qxc6 16. Nxe5 Qd6 17. Bf4 Qe6 18. Ndf3 Bd6 19. Nxd4 Qe8 20. Ndc6 Bxe5 21. Nxe5 Nd7 22. Nxd7 Qxd7 23. Qc2 Rac8 24. Be3 Rfd8 25. Rd1 f5 26. Qb3+ Kh8 27. exf5 Qxf5 28. Qc3 Rd7 29. d4 Qh5 30. Qc2 Qf7 31. Qc6 Qd5 32. Qxa6 Rcd8 33. Qg6 Rd6 34. Qd3 Qh5 35. Qc2 Rg6 36. Kh2 Qd5 37. Rg1 Rc6 38. Qd3 Re8 39. b3 Ree6 40. a4 bxa4 41. bxa4 Ra6 42. a5 Qd6+ 43. g3 Qxb4 44. d5 Rad6 45. Bd2 Qe4 46. Qa3 Qxd5 47. Bf4 Ra6 48. Ra1 Re8 0-1

[Event "1st FIDE OWCCCC Pools-East 2021"]
[Site "Online"]
[Date "2021.02.20"]
[Round "6.55"]
[White "Tang, Michael"]
[Black "van Beek, Joost"]
[Result "1-0"]
[WhiteElo "1719"]
[BlackElo "1045"]
[Annotator "NA"]
[PlyCount "39"]
[EventDate "2021.02.19"]
[EventType "team-tourn"]
[EventCountry "NET"]
[SourceTitle "playchess.com"]
[Source "ChessBase"]
[SourceQuality "1"]

1. d4 d5 2. c4 Nf6 3. Nf3 Bf5 4. Nc3 e6 5. Bg5 Bb4 6. e3 O-O 7. Bd3 Bxd3 8. Qxd3 Nc6 9. O-O Bxc3 10. bxc3 Qd6 11. Bxf6 gxf6 12. Rab1 e5 13. cxd5 Na5 14. Rb5 Qa3 15. dxe5 Qxa2 16. exf6 a6 17. Rb4 Nc4 18. Rxc4 b5 19. Rh4 Rad8 20. Qxh7# 1-0

[Event "1st FIDE OWCCCC Pools-East 2021"]
[Site "Online"]
[Date "2021.02.20"]
[Round "6.55"]
[White "Telgote, Ashish"]
[Black "Sawant, Priya"]
[Result "1-0"]
[WhiteElo "1491"]
[BlackElo "671"]
[Annotator "NA"]
[PlyCount "129"]
[EventDate "2021.02.19"]
[EventType "team-tourn"]
[EventCountry "NET"]
[SourceTitle "playchess.com"]
[Source "ChessBase"]
[SourceQuality "1"]

1. e4 e5 2. Nf3 d6 3. d4 Nf6 4. dxe5 Nxe4 5. c3 d5 6. Bd3 Nc5 7. Bc2 Bg4 8. h3 Bxf3 9. Qxf3 Qe7 10. O-O Qxe5 11. Bd2 Bd6 12. Re1 Ne4 13. Bxe4 O-O 14. Bxd5 Qh2+ 15. Kf1 Na6 16. Bxb7 Rae8 17. Rxe8 Rxe8 18. Be3 Nb8 19. Ke2 Nd7 20. Bc6 Bc5 21. Bxd7 Rd8 22. Nd2 Rxd7 23. Qa8+ Bf8 24. Qc6 Re7 25. Nf3 Qd6 26. Qxd6 cxd6 27. Rd1 Re6 28. Nd4 Rg6 29. Kf1 Be7 30. Nf5 Bf6 31. Rxd6 a5 32. Rd7 Be5 33. Ne7+ Kf8 34. Nxg6+ fxg6 35. Bd4 Bf4 36. Rxg7 Bc1 37. c4 Bxb2 38. Bxb2 Ke8 39. Rxh7 g5 40. Rg7 Kf8 41. Rxg5 Ke7 42. Rxa5 Kd6 43. h4 Kc6 44. g4 Kb6 45. Rb5+ Kc6 46. f4 Kd6 47. Be5+ Ke6 48. Bc3 Kd6 49. Rf5 Ke6 50. h5 Kd6 51. h6 Ke6 52. h7 Ke7 53. h8=Q Kd7 54. a4 Kc6 55. g5 Kd6 56. Re5 Kc6 57. g6 Kd7 58. g7 Kc7 59. g8=Q Kd7 60. f5 Kd6 61. f6 Kc6 62. f7 Kb6 63. f8=Q Kc7 64. Qff7+ Kc6 65. Qhf6# 1-0

[Event "1st FIDE OWCCCC Pools-East 2021"]
[Site "Online"]
[Date "2021.02.20"]
[Round "6.55"]
[White "Ivanovic, Filip G"]
[Black "Forestier, Carole"]
[Result "1-0"]
[WhiteElo "1389"]
[BlackElo "2021"]
[Annotator "NA"]
[PlyCount "55"]
[EventDate "2021.02.19"]
[EventType "team-tourn"]
[EventCountry "NET"]
[SourceTitle "playchess.com"]
[Source "ChessBase"]
[SourceQuality "1"]

1. c4 e5 2. Nc3 Nf6 3. Nf3 Nc6 4. d4 e4 5. Ne5 Nb4 6. a3 Na6 7. c5 d6 8. cxd6 cxd6 9. Nc4 d5 10. Ne5 Qe7 11. Bg5 Bf5 12. Qa4+ Kd8 13. e3 h6 14. Bh4 g5 15. Bg3 Qd6 16. Nxf7+ Kc8 17. Nxd6+ Kc7 18. Nxf5+ Kc8 19. Bxa6 Nh5 20. Bxb7+ Kd8 21. Bxa8 Be7 22. Qa5+ Kd7 23. Qc7+ Ke8 24. Bc6+ Kf7 25. Qxe7+ Kg6 26. Be8+ Kxf5 27. Bxh5 a5 28. Qf7# 1-0

[Event "1st FIDE OWCCCC Pools-East 2021"]
[Site "Online"]
[Date "2021.02.20"]
[Round "6.55"]
[White "Pandey, Sheetal"]
[Black "Meyer, Fredrik"]
[Result "1-0"]
[WhiteElo "1310"]
[BlackElo "1207"]
[Annotator "NA"]
[PlyCount "95"]
[EventDate "2021.02.19"]
[EventType "team-tourn"]
[EventCountry "NET"]
[SourceTitle "playchess.com"]
[Source "ChessBase"]
[SourceQuality "1"]

1. d4 d5 2. Bf4 Nf6 3. Nc3 e6 4. a3 Be7 5. Nb5 Na6 6. e3 c6 7. Nc3 O-O 8. h3 b5 9. b4 Bb7 10. Nf3 h6 11. Ne5 Nb8 12. Qf3 Nbd7 13. Be2 a5 14. Rb1 axb4 15. axb4 Ra3 16. Nd1 Nb6 17. Qg3 g5 18. Bxg5 hxg5 19. Qxg5+ Kh8 20. Qh6+ Nh7 21. Bd3 f5 22. Ng6+ Kg8 23. Nxf8 Qxf8 24. Qg6+ Kh8 25. O-O Nc4 26. Re1 Nd2 27. Rc1 Ne4 28. Qxe6 Bc8 29. Qg6 f4 30. exf4 Qxf4 31. Bxe4 dxe4 32. Ne3 Bd6 33. Ng4 Bf5 34. Qe8+ Kg7 35. g3 Rxg3+ 36. fxg3 Qxg3+ 37. Kf1 Qxh3+ 38. Kf2 Qg3+ 39. Ke2 Qxg4+ 40. Kd2 Bf4+ 41. Kc3 Bxc1 42. Rxc1 Qf3+ 43. Kb2 e3 44. Qe7+ Kg6 45. Qe8+ Kg5 46. Rg1+ Kf4 47. Qb8+ Ke4 48. Qe5# 1-0

[Event "1st FIDE OWCCCC Pools-East 2021"]
[Site "Online"]
[Date "2021.02.20"]
[Round "6.55"]
[White "Saxenabatra, Madhulika"]
[Black "Phitchayarom, Ruja"]
[Result "0-1"]
[WhiteElo "984"]
[BlackElo "1489"]
[Annotator "NA"]
[PlyCount "60"]
[EventDate "2021.02.19"]
[EventType "team-tourn"]
[EventCountry "NET"]
[SourceTitle "playchess.com"]
[Source "ChessBase"]
[SourceQuality "1"]

1. e4 c5 2. Nf3 d6 3. d4 cxd4 4. Qxd4 Nc6 5. Qd5 Nf6 6. Qb3 g6 7. Nbd2 Bg7 8. Bc4 O-O 9. O-O e6 10. Ng5 Nd4 11. Qd3 e5 12. c3 Nc6 13. a4 Nd7 14. Bxf7+ Rxf7 15. Qxd6 Qxg5 16. Nf3 Qe7 17. Qxe7 Rxe7 18. Bg5 Bf6 19. Bh4 Bxh4 20. Nxh4 Nf6 21. f3 b6 22. Rad1 Ba6 23. Rd6 Bxf1 24. Kxf1 Nh5 25. Rxc6 Rd8 26. Ke2 Nf4+ 27. Ke3 Rd3+ 28. Kf2 Rd2+ 29. Ke3 Rxb2 30. g3 Re2# 0-1

[Event "1st FIDE OWCCCC Pools-East 2021"]
[Site "Online"]
[Date "2021.02.20"]
[Round "6.56"]
[White "Tveten, Gry"]
[Black "Rawat, Akhil"]
[Result "1-0"]
[WhiteElo "1195"]
[BlackElo "384"]
[Annotator "NA"]
[PlyCount "65"]
[EventDate "2021.02.19"]
[EventType "team-tourn"]
[EventCountry "NET"]
[SourceTitle "playchess.com"]
[Source "ChessBase"]
[SourceQuality "1"]

1. d4 d5 2. c4 Nc6 3. cxd5 Nb8 4. e4 c6 5. Nc3 cxd5 6. Bb5+ Bd7 7. Qc2 Bxb5 8. Nxb5 dxe4 9. Nc7+ Kd7 10. Nxa8 Na6 11. Qxe4 Qxa8 12. Qd5+ Ke8 13. Be3 Nf6 14. Qb5+ Nd7 15. Nf3 Nc7 16. Qc4 b5 17. Qxc7 g6 18. Rc1 Nb6 19. Ne5 Bg7 20. Qc6+ Qxc6 21. Nxc6 f6 22. O-O e5 23. Nxa7 exd4 24. Bxd4 Na4 25. Rfe1+ Kf7 26. Rc7+ Kf8 27. Ree7 Bh6 28. Bxf6 Nb6 29. Bxh8 Nd5 30. Rf7+ Kg8 31. Rcd7 Kxh8 32. Rd8+ Bf8 33. Rdxf8# 1-0

[Event "1st FIDE OWCCCC Pools-East 2021"]
[Site "Online"]
[Date "2021.02.20"]
[Round "6.56"]
[White "sankul"]
[Black "Satapathy, Ankit"]
[Result "1-0"]
[WhiteElo "1189"]
[BlackElo "1301"]
[Annotator "NA"]
[PlyCount "117"]
[EventDate "2021.02.19"]
[EventType "team-tourn"]
[EventCountry "NET"]
[SourceTitle "playchess.com"]
[Source "ChessBase"]
[SourceQuality "1"]

1. e4 e5 2. Nf3 Nf6 3. d3 Nc6 4. Bg5 Be7 5. Bxf6 Bxf6 6. Nc3 O-O 7. Be2 d6 8. O-O Bg4 9. h3 Bh5 10. Nd5 Ne7 11. Nxf6+ gxf6 12. Qd2 Bg6 13. Nh2 h5 14. f4 exf4 15. Qxf4 Nc6 16. Qxf6 Qxf6 17. Rxf6 Nd4 18. Bd1 Rae8 19. c3 Nc6 20. Be2 Re6 21. Raf1 Rfe8 22. g4 Rxf6 23. Rxf6 Re6 24. Rxe6 fxe6 25. gxh5 Bh7 26. Bg4 Kf7 27. Nf3 e5 28. Ng5+ Kg8 29. Ne6 Ne7 30. Nxc7 a6 31. Ne6 Kh8 32. Kf2 Bg8 33. b3 Kh7 34. Kg3 Kh6 35. Kh4 b6 36. Nc7 a5 37. d4 Nc6 38. d5 Na7 39. Be2 Nc8 40. Nb5 Bf7 41. Bg4 Ne7 42. Nxd6 Bg8 43. Nf5+ Nxf5+ 44. Bxf5 Bf7 45. Bg4 Be8 46. d6 a4 47. d7 Bxd7 48. Bxd7 axb3 49. axb3 b5 50. Be6 b4 51. cxb4 Kg7 52. Bd5 Kh7 53. b5 Kg7 54. b6 Kh6 55. b7 Kg7 56. b8=Q Kh6 57. Qf8+ Kh7 58. Qg8+ Kh6 59. Qg6# 1-0

[Event "1st FIDE OWCCCC Pools-East 2021"]
[Site "Online"]
[Date "2021.02.20"]
[Round "6.56"]
[White "Ortega Torres, Silvia"]
[Black "Meira, William W S De Olive"]
[Result "0-1"]
[WhiteElo "901"]
[BlackElo "1263"]
[Annotator "NA"]
[PlyCount "58"]
[EventDate "2021.02.19"]
[EventType "team-tourn"]
[EventCountry "NET"]
[SourceTitle "playchess.com"]
[Source "ChessBase"]
[SourceQuality "1"]

1. d4 g6 2. e4 Bg7 3. Nf3 d6 4. Bc4 Nf6 5. Nc3 O-O 6. O-O Nxe4 7. Nxe4 d5 8. Nf6+ Bxf6 9. Bd3 Nc6 10. Bf4 Bg4 11. h3 Bxf3 12. Qxf3 Nxd4 13. Qe3 Nc6 14. Rad1 e5 15. Bh6 Bg7 16. Bxg7 Kxg7 17. Bb5 Re8 18. Rfe1 a6 19. Bxc6 bxc6 20. b3 Qd6 21. c4 d4 22. Qf3 f5 23. g4 e4 24. Qe2 f4 25. Qb2 c5 26. h4 f3 27. a3 Qf4 28. b4 Qxg4+ 29. Kh2 Qg2# 0-1

[Event "1st FIDE OWCCCC Pools-East 2021"]
[Site "Online"]
[Date "2021.02.20"]
[Round "6.56"]
[White "Khamkham, Imane"]
[Black "Grabkowska, Agnieszka"]
[Result "0-1"]
[WhiteElo "636"]
[BlackElo "1395"]
[Annotator "NA"]
[PlyCount "84"]
[EventDate "2021.02.19"]
[EventType "team-tourn"]
[EventCountry "NET"]
[SourceTitle "playchess.com"]
[Source "ChessBase"]
[SourceQuality "1"]

1. e4 e5 2. Qh5 d6 3. d3 g6 4. Bg5 Be7 5. Qf3 Bxg5 6. Nh3 Bxh3 7. gxh3 Qf6 8. Qxf6 Nxf6 9. Rg1 Bf4 10. Nc3 Bxh2 11. Rg2 Bf4 12. Nd5 Nxd5 13. exd5 Nd7 14. d4 exd4 15. Rg4 Be5 16. O-O-O O-O-O 17. f4 f5 18. Rg5 Bxf4+ 19. Kb1 Bxg5 20. Rxd4 Rde8 21. Rd1 Re5 22. c4 Nb6 23. b3 Rhe8 24. a4 Re1 25. Rxe1 Rxe1+ 26. Kc2 Rxf1 27. a5 Nd7 28. Kd3 Rf3+ 29. Ke2 Rxh3 30. Kf2 Rxb3 31. Kg2 Ra3 32. Kh2 Rxa5 33. Kh3 Ra3+ 34. Kg2 Re3 35. Kf2 a6 36. Kf1 a5 37. Kf2 a4 38. Kf1 a3 39. Kg2 a2 40. Kf2 a1=Q 41. Kg2 Qa2+ 42. Kg1 Re1# 0-1

[Event "1st FIDE OWCCCC Pools-East 2021"]
[Site "Online"]
[Date "2021.02.20"]
[Round "6.56"]
[White "Schmaltz, Julien"]
[Black "Mititelu, Alina"]
[Result "0-1"]
[WhiteElo "554"]
[BlackElo "1751"]
[Annotator "NA"]
[PlyCount "82"]
[EventDate "2021.02.19"]
[EventType "team-tourn"]
[EventCountry "NET"]
[SourceTitle "playchess.com"]
[Source "ChessBase"]
[SourceQuality "1"]

1. e4 e5 2. Nf3 d6 3. Bc4 Nc6 4. Nc3 Nf6 5. d3 Na5 6. Ng5 Nxc4 7. dxc4 Bg4 8. f3 Bd7 9. Nd5 h6 10. Nh3 Bxh3 11. gxh3 c6 12. Nb4 a5 13. Nd3 Qb6 14. Qe2 Nd7 15. Bd2 Qc7 16. O-O-O Be7 17. Rhg1 g5 18. Rg3 b5 19. c5 dxc5 20. Rdg1 c4 21. Nf2 O-O-O 22. h4 gxh4 23. Rg4 Bf6 24. Be3 Nb6 25. f4 exf4 26. Bxf4 Bg5 27. a3 Bxf4+ 28. Kb1 Bxh2 29. R1g2 Bg3 30. Nh3 h5 31. Rg5 Rdg8 32. Ng1 Rxg5 33. Nf3 Rgg8 34. Nxh4 Bxh4 35. Qe3 Rxg2 36. e5 Re8 37. c3 Rxe5 38. Qf3 Rg1+ 39. Kc2 Rge1 40. Qh3+ Kb7 41. Qxh4 R5e2# 0-1

[Event "1st FIDE OWCCCC Pools-East 2021"]
[Site "Online"]
[Date "2021.02.20"]
[Round "6.57"]
[White "Jerome, Rombaut"]
[Black "deep_"]
[Result "1-0"]
[WhiteElo "1848"]
[BlackElo "1691"]
[Annotator "NA"]
[PlyCount "145"]
[EventDate "2021.02.19"]
[EventType "team-tourn"]
[EventCountry "NET"]
[SourceTitle "playchess.com"]
[Source "ChessBase"]
[SourceQuality "1"]

1. c4 Nf6 2. Nc3 e6 3. d3 c6 4. Bg5 d5 5. g3 Be7 6. Bg2 h6 7. Bxf6 Bxf6 8. Qc2 O-O 9. e3 Nd7 10. Nge2 Qa5 11. O-O Rb8 12. Rab1 Qc7 13. b4 dxc4 14. dxc4 Rd8 15. Rfd1 Ne5 16. Ne4 Be7 17. c5 Ng6 18. Rxd8+ Qxd8 19. Rd1 Qc7 20. Nd6 Bd7 21. Qd2 Rd8 22. Qc2 e5 23. Be4 Nf8 24. Nf5 Bf6 25. Rd6 Bxf5 26. Rxd8 Qxd8 27. Bxf5 a6 28. Nc3 Qe7 29. Ne4 g6 30. Bh3 Nd7 31. Qd2 Nf8 32. a4 Kg7 33. a5 Ne6 34. Qd6 Nd8 35. Bc8 Bg5 36. Qb8 f5 37. Nd6 e4 38. Nxb7 Bf6 39. Nd6 Bc3 40. Bxa6 Nf7 41. Nxf7 Qxf7 42. Qb7 Kf6 43. Qxf7+ Kxf7 44. Bc4+ Ke7 45. a6 Bxb4 46. a7 Bxc5 47. a8=Q Bd6 48. Qxc6 g5 49. Qd5 Kd7 50. Qe6+ Kc7 51. Qxh6 f4 52. gxf4 gxf4 53. Qxf4 Bxf4 54. exf4 Kd6 55. Kg2 Kc5 56. Ba2 Kd6 57. Kg3 Ke7 58. f5 Kf6 59. Kf4 e3 60. fxe3 Ke7 61. e4 Kd6 62. e5+ Kc5 63. f6 Kb4 64. f7 Ka3 65. f8=Q+ Kxa2 66. e6 Kb3 67. e7 Kc4 68. e8=Q Kc3 69. Qfe7 Kd4 70. Q7d7+ Kc5 71. Qec8+ Kb6 72. Qdb7+ Ka5 73. Qca8# 1-0

[Event "1st FIDE OWCCCC Pools-East 2021"]
[Site "Online"]
[Date "2021.02.20"]
[Round "6.57"]
[White "Sudhanshu Khandelwal"]
[Black "Popov, Dmitry B."]
[Result "1-0"]
[WhiteElo "1343"]
[BlackElo "2049"]
[Annotator "NA"]
[PlyCount "61"]
[EventDate "2021.02.19"]
[EventType "team-tourn"]
[EventCountry "NET"]
[SourceTitle "playchess.com"]
[Source "ChessBase"]
[SourceQuality "1"]

1. d4 Nf6 2. c4 e6 3. Nf3 c5 4. d5 d6 5. Nc3 Be7 6. e4 e5 7. Be2 O-O 8. O-O Bd7 9. Ne1 a6 10. a4 Qc8 11. Nd3 Bg4 12. f3 Bh5 13. f4 Bxe2 14. Qxe2 exf4 15. Bxf4 Nbd7 16. Rae1 Nb6 17. b3 Nbd7 18. e5 dxe5 19. Nxe5 Nxe5 20. Bxe5 Qd7 21. Qb2 Rae8 22. d6 Bd8 23. Nd5 Rxe5 24. Qxe5 Re8 25. Nxf6+ gxf6 26. Qxe8+ Qxe8 27. Rxe8+ Kg7 28. Rxd8 f5 29. Rb8 Kf6 30. d7 Ke7 31. d8=Q+ 1-0

[Event "1st FIDE OWCCCC Pools-East 2021"]
[Site "Online"]
[Date "2021.02.20"]
[Round "6.57"]
[White "Kancharla, Kalyan K"]
[Black "Malik, Anjali"]
[Result "1-0"]
[WhiteElo "1237"]
[BlackElo "1317"]
[Annotator "NA"]
[PlyCount "39"]
[EventDate "2021.02.19"]
[EventType "team-tourn"]
[EventCountry "NET"]
[SourceTitle "playchess.com"]
[Source "ChessBase"]
[SourceQuality "1"]

1. e4 e5 2. Nf3 Nc6 3. d4 f6 4. dxe5 fxe5 5. Bc4 Nf6 6. O-O Nxe4 7. Re1 Nf6 8. Nxe5 Nxe5 9. Rxe5+ Be7 10. Bg5 Kf8 11. Bxf6 Bxf6 12. Qd5 Qe8 13. Rxe8+ Kxe8 14. Qf7+ Kd8 15. Nc3 d6 16. Nd5 Bd7 17. Nxf6 gxf6 18. Qxf6+ Kc8 19. Qxh8+ Be8 20. Qxe8# 1-0

[Event "1st FIDE OWCCCC Pools-East 2021"]
[Site "Online"]
[Date "2021.02.20"]
[Round "6.57"]
[White "Papadopoulos, Dimitrios K-E"]
[Black "Le Saux, JC."]
[Result "1-0"]
[WhiteElo "1001"]
[BlackElo "1381"]
[Annotator "NA"]
[PlyCount "61"]
[EventDate "2021.02.19"]
[EventType "team-tourn"]
[EventCountry "NET"]
[SourceTitle "playchess.com"]
[Source "ChessBase"]
[SourceQuality "1"]

1. e4 c6 2. d4 d5 3. Nc3 e6 4. Bd3 Bb4 5. e5 Bxc3+ 6. bxc3 Ne7 7. Bg5 b5 8. Qh5 g6 9. Qh4 Nf5 10. Bxf5 Qd7 11. Bf6 Rg8 12. Qxh7 Rf8 13. Bd3 Ba6 14. Ne2 b4 15. Bxa6 Nxa6 16. O-O bxc3 17. Rab1 Rb8 18. Rxb8+ Nxb8 19. Rb1 Qc7 20. Bg7 f5 21. Qxg6+ Rf7 22. Nf4 Qd8 23. Qxe6+ Re7 24. Qg6+ Rf7 25. Ne6 Qc8 26. Ng5 Ke7 27. Qxf7+ Kd8 28. Ne6+ Qxe6 29. Qxe6 Nd7 30. Qd6 c5 31. Rb8# 1-0

[Event "1st FIDE OWCCCC Pools-East 2021"]
[Site "Online"]
[Date "2021.02.20"]
[Round "6.57"]
[White "Durdiyev, Maksat"]
[Black "Budak, Rewi"]
[Result "0-1"]
[WhiteElo "924"]
[BlackElo "2065"]
[Annotator "NA"]
[PlyCount "44"]
[EventDate "2021.02.19"]
[EventType "team-tourn"]
[EventCountry "NET"]
[SourceTitle "playchess.com"]
[Source "ChessBase"]
[SourceQuality "1"]

1. e4 c5 2. Nf3 e6 3. d4 cxd4 4. Nxd4 Nc6 5. Bc4 Nf6 6. Nc3 Bb4 7. Nxc6 bxc6 8. Qd3 d5 9. exd5 exd5 10. Bb3 d4 11. Bxf7+ Kf8 12. O-O Qe7 13. Qxd4 Bxc3 14. Qxc3 Kxf7 15. Qxc6 Be6 16. Bg5 Rac8 17. Qf3 Rxc2 18. Rfe1 Rhc8 19. Bxf6 Qxf6 20. Qb7+ R8c7 21. Qb3 Qxf2+ 22. Kh1 Qxg2# 0-1

[Event "1st FIDE OWCCCC Pools-East 2021"]
[Site "Online"]
[Date "2021.02.20"]
[Round "6.58"]
[White "gsabu"]
[Black "Bossut, Louis"]
[Result "0-1"]
[WhiteElo "1748"]
[BlackElo "1719"]
[Annotator "NA"]
[PlyCount "54"]
[EventDate "2021.02.19"]
[EventType "team-tourn"]
[EventCountry "NET"]
[SourceTitle "playchess.com"]
[Source "ChessBase"]
[SourceQuality "1"]

1. e4 e6 2. d4 d5 3. exd5 exd5 4. Nf3 Bd6 5. Nc3 c6 6. Be3 Bf5 7. Bd3 Ne7 8. O-O Nd7 9. Re1 O-O 10. Bg5 f6 11. Be3 Qc7 12. h3 Rfe8 13. Nh4 Bxd3 14. Qxd3 Bf4 15. Nf3 Ng6 16. Ne2 Bxe3 17. fxe3 Re7 18. Nf4 Ndf8 19. c4 Rae8 20. Nxg6 Nxg6 21. cxd5 cxd5 22. Rac1 Qg3 23. Qb3 Rd7 24. Rc5 Nh4 25. Nxh4 Qxe1+ 26. Kh2 Rxe3 27. Rc8+ Kf7 0-1

[Event "1st FIDE OWCCCC Pools-East 2021"]
[Site "Online"]
[Date "2021.02.20"]
[Round "6.58"]
[White "McShane, Michael"]
[Black "Koskinen, Timo"]
[Result "0-1"]
[WhiteElo "1611"]
[BlackElo "1596"]
[Annotator "NA"]
[PlyCount "74"]
[EventDate "2021.02.19"]
[EventType "team-tourn"]
[EventCountry "NET"]
[SourceTitle "playchess.com"]
[Source "ChessBase"]
[SourceQuality "1"]

1. e4 e5 2. Nf3 Nc6 3. Bc4 Bc5 4. b4 Bxb4 5. c3 Be7 6. d4 d6 7. d5 Na5 8. Qa4+ Bd7 9. Qxa5 Nf6 10. Nbd2 Bg4 11. Bb5+ Kf8 12. Qa4 a6 13. Be2 b5 14. Qc2 Nh5 15. Nb3 g6 16. Bh6+ Kg8 17. Na5 c5 18. Nc6 Qd7 19. h3 Bxf3 20. Bxf3 Nf4 21. Bxf4 exf4 22. Nxe7+ Qxe7 23. Qd2 g5 24. h4 h6 25. hxg5 hxg5 26. Rxh8+ Kxh8 27. O-O-O Kg7 28. Rh1 Qe5 29. Rh5 b4 30. g3 bxc3 31. Qc2 Rb8 32. gxf4 Qxf4+ 33. Kd1 Qxf3+ 34. Qe2 Rb1+ 35. Kc2 Rb2+ 36. Kc1 Qxe2 37. Rxg5+ Kf8 0-1

[Event "1st FIDE OWCCCC Pools-East 2021"]
[Site "Online"]
[Date "2021.02.20"]
[Round "6.58"]
[White "Bonazzi, Aurelien"]
[Black "A S M Khalid, Hasan"]
[Result "0-1"]
[WhiteElo "1272"]
[BlackElo "1585"]
[Annotator "NA"]
[PlyCount "72"]
[EventDate "2021.02.19"]
[EventType "team-tourn"]
[EventCountry "NET"]
[SourceTitle "playchess.com"]
[Source "ChessBase"]
[SourceQuality "1"]

1. e4 e5 2. Bc4 Nf6 3. d3 Bc5 4. Bg5 h6 5. Bh4 d6 6. Nd2 Be6 7. Bxe6 fxe6 8. Nb3 Bb6 9. Nf3 O-O 10. Qe2 Nc6 11. c3 Qe8 12. O-O-O a5 13. Nbd2 a4 14. a3 Na5 15. Kb1 Qb5 16. Nc4 Nxc4 17. dxc4 Qc5 18. Rhf1 c6 19. g4 d5 20. cxd5 exd5 21. exd5 Nxd5 22. Qc2 Rxf3 23. Rd3 Rxd3 24. Qxd3 Re8 25. f3 Ba5 26. Rc1 b5 27. g5 Bd8 28. Qf5 Rf8 29. Qe6+ Kh8 30. Qxe5 Bxg5 31. Bxg5 hxg5 32. Qxg5 Nxc3+ 33. Rxc3 Qxg5 34. Rxc6 Rxf3 35. Ka2 Qd5+ 36. Kb1 Qxc6 0-1

[Event "1st FIDE OWCCCC Pools-East 2021"]
[Site "Online"]
[Date "2021.02.20"]
[Round "6.58"]
[White "Markov, Vitaliy"]
[Black "Agarwal, Akshat"]
[Result "0-1"]
[WhiteElo "772"]
[BlackElo "1363"]
[Annotator "NA"]
[PlyCount "58"]
[EventDate "2021.02.19"]
[EventType "team-tourn"]
[EventCountry "NET"]
[SourceTitle "playchess.com"]
[Source "ChessBase"]
[SourceQuality "1"]

1. Nf3 d5 2. d4 Bg4 3. c4 e6 4. h3 Bxf3 5. gxf3 Nf6 6. c5 c6 7. Nc3 b6 8. Be3 bxc5 9. dxc5 Qa5 10. Qd4 Na6 11. Qa4 Qxa4 12. Nxa4 Rb8 13. O-O-O Nd7 14. Kb1 Ndxc5 15. Nxc5 Bxc5 16. Bxc5 Nxc5 17. Rc1 Na4 18. b3 Kd7 19. e4 Kd6 20. Be2 d4 21. Bc4 e5 22. Bxf7 Rhf8 23. Bh5 g6 24. Bg4 h5 25. Rc4 Nc3+ 26. Kb2 hxg4 27. hxg4 Rxf3 28. Rh6 Rxf2+ 29. Ka3 Rxa2# 0-1

[Event "1st FIDE OWCCCC Pools-East 2021"]
[Site "Online"]
[Date "2021.02.20"]
[Round "6.59"]
[White "Garcia Ortega, Manuel"]
[Black "asiek"]
[Result "1-0"]
[WhiteElo "1719"]
[BlackElo "473"]
[Annotator "NA"]
[PlyCount "39"]
[EventDate "2021.02.19"]
[EventType "team-tourn"]
[EventCountry "NET"]
[SourceTitle "playchess.com"]
[Source "ChessBase"]
[SourceQuality "1"]

1. e4 f6 2. d4 Nc6 3. Nf3 Nb4 4. a3 Nc6 5. d5 Ne5 6. Nxe5 fxe5 7. Qh5+ g6 8. Qxe5 Nf6 9. Bd3 d6 10. Qd4 b6 11. Nc3 a5 12. O-O Ba6 13. f4 Bxd3 14. cxd3 a4 15. e5 Ng4 16. e6 Rg8 17. f5 gxf5 18. Rxf5 Bg7 19. Qxg4 c6 20. Qh5# 1-0

[Event "1st FIDE OWCCCC Pools-East 2021"]
[Site "Online"]
[Date "2021.02.20"]
[Round "6.59"]
[White "Plays, Boris"]
[Black "eshabhatia"]
[Result "1-0"]
[WhiteElo "1317"]
[BlackElo "514"]
[Annotator "NA"]
[PlyCount "65"]
[EventDate "2021.02.19"]
[EventType "team-tourn"]
[EventCountry "NET"]
[SourceTitle "playchess.com"]
[Source "ChessBase"]
[SourceQuality "1"]

1. e4 Nh6 2. d4 a6 3. Nf3 Nc6 4. Bc4 e5 5. d5 Na5 6. Bd3 b5 7. b4 Nb7 8. a3 g5 9. Bxg5 f6 10. Bh4 Rg8 11. O-O d6 12. g3 f5 13. Bxd8 Kxd8 14. exf5 Nxf5 15. Bxf5 Bxf5 16. Nh4 Be4 17. f3 Bg6 18. Nxg6 Rxg6 19. Qd3 Rh6 20. Qe3 Rf6 21. Nc3 h5 22. Qg5 Be7 23. Qxh5 c5 24. dxc6 d5 25. cxb7 Rb8 26. Nxd5 Rxb7 27. Nxf6 Bxf6 28. Rad1+ Rd7 29. Rxd7+ Kxd7 30. Qf7+ Kd6 31. Qxf6+ Kd5 32. Rd1+ Kc4 33. Qc6# 1-0